000
00248nam a22000977a 4500
003
SGT
245
_a
International Journal of Periodontic & Restorative Dentistry
260
_b
Quintessence Publisher
_c
2021
300
_a
467,468-924
942
_2
ddc
_c
BV
999
_c
30403
_d
30403